00295 2200121 4500245006400000250001100064100002200075650001600097005001900113260001800132041001400150336000900164 aLAPORAN KARYA SISWAb : ANTARTIKAcFIKAR RIDHA AZHARhText aCet. 1 aFIKAR RIDHA AZHAR aKarya Siswa a20240829120733 aJakartac2024 aIndonesia atext